01066cam a2200301Ia 4500999001500000001000900015003000600024005001700030008004100047020001500088020001800103035002000121040003500141082001700176092002300193100001800216245014600234260004400380300002800424504005600452630002400508630002000532630003100552650002600583650002000609942001200629952012300641 c5182d518262171386OCoLC20181221200801.0051028s2003 oku b 001 0 eng d a0972545425 a9780972545426 a(OCoLC)62171386 aGZDcGZDdGZDdBAKERdQT7dBSC a242.2bR414S a242.2bR414s, 20031 aRenner, Rick.10aSparkling gems from the Greek :b365 Greek word studies for every day of the year to sharpen your understanding of God's word /cRick Renner. aTulsa, OK :bTeach All Nations,cc2003. aliii, 1022 p. ;c25 cm. aIncludes bibliographical references (p. 1013-1014).00aBiblevMeditations.00aBiblevPrayers.00aBiblexStudy and teaching. 0aDevotional calendars. 0aChristian life. 2ddccBK 00102ddc40708NFICaHMCbHMCcGENd2018-12-21g6500.00l0o242.2 R414Sp005929r2018-12-21 00:00:00w2018-12-21yBK